Вояж с восточным ароматом; Разделяй и властвуй!: [повести]

Dades bibliogràfiques
Autor principal: Серова М. С. Марина Сергеевна
Sumari:Профессиональному телохранителю Жене Охотниковой поручают проследить за коммерческим директором футбольного клуба Олегом Челидзе. Президент клуба Алексей Савельев, обеспокоенный криминальными связями своего помощника, посылает Женю в Турцию, где опальный заместитель должен руководить сборами. Однако знаменитому бодигарду не нравится ни поручение, ни клиент. Интуиция не подвела ее и на этот раз: вскоре Челидзе убивают, а саму Охотникову похищают турецкие сутенеры...
Idioma:rus
Publicat: Москва, Эксмо, 2006
Col·lecció:Телохранитель Евгения Охотникова
Matèries:
Format: MixedMaterials Llibre
KOHA link:https://koha.lib.tpu.ru/cgi-bin/koha/opac-detail.pl?biblionumber=134767

MARC

LEADER 00000nam0a2200000 4500
001 134767
005 20231031135832.0
010 |a 5699145753 
035 |a (RuTPU)RU\TPU\book\146075 
090 |a 134767 
100 |a 20080403d2006 m y0rusy50 ca 
101 0 |a rus 
102 |a RU 
105 |a y z 000ay 
200 1 |a Вояж с восточным ароматом  |a Разделяй и властвуй!  |e [повести]  |f М. С. Серова 
210 |a Москва  |c Эксмо  |d 2006 
215 |a 381 с. 
225 1 |a Телохранитель Евгения Охотникова 
330 |a Профессиональному телохранителю Жене Охотниковой поручают проследить за коммерческим директором футбольного клуба Олегом Челидзе. Президент клуба Алексей Савельев, обеспокоенный криминальными связями своего помощника, посылает Женю в Турцию, где опальный заместитель должен руководить сборами. Однако знаменитому бодигарду не нравится ни поручение, ни клиент. Интуиция не подвела ее и на этот раз: вскоре Челидзе убивают, а саму Охотникову похищают турецкие сутенеры... 
610 1 |a русская литература 
610 1 |a проза 
610 1 |a повести 
610 1 |a детективы 
675 |a Р2  |v 3 
700 1 |a Серова  |b М. С.  |g Марина Сергеевна 
801 1 |a RU  |b 63413507  |c 20080403  |g PSBO 
801 2 |a RU  |b 63413507  |c 20080930  |g PSBO 
942 |c BK 
959 |a 39/20080403  |d 1  |e 89,30  |f ХФ:1